000 00800nam a22002657a 4500
001 0005203
003 DO-SdBPM
005 20250130081529.0
007 0005203
008 160404b 2006 fr a ||| 00| 0 spa d
020 _a2350240649
040 _aDO-SdBPM
_bspa
_cBPMSU
082 4 _a843.91
_bN778m 2006
_222
100 1 _aNogués, Jean-come
245 1 3 _aEl mamut y la castaña /
_cJean-Come Nogués ; ilustración Laurence Moussel
260 _aFrancia :
_bBrodard & Taupin,
_c2006.
300 _a153 p. :
_bil.;
_c20 cm.
500 _aA partir de 9 años.
521 _aA partir de 9 años.
590 _aInventariado, 2025/VM
650 4 _aNovela infantil francesa
700 1 _a Moussel, Laurence
_eilustraciones
910 _aVMateo V. Control de calidad. BPMSU
942 _2ddc
_cBK
999 _c9518
_d9518